| 000 | 00742nam a2200253Ia 4500 | ||
|---|---|---|---|
| 003 | OSt | ||
| 005 | 20220918165314.0 | ||
| 006 | a|||||r|||| 00| 0 | ||
| 007 | ta | ||
| 008 | 220917b |||||||| |||| 00| 0 eng d | ||
| 020 | _a1878289837 (pbk) | ||
| 024 | _a172,898 | ||
| 037 | _cTextual | ||
| 040 |
_aARTS _cARTS _beng |
||
| 041 |
_2eng _aeng |
||
| 082 | _aD65,8(B):71, P0 (SC) | ||
| 100 |
_aKhosrowpour Mehdi _923668 |
||
| 245 | 0 | _aOrganizational achievement and failure in information technology management | |
| 260 |
_aUSA _bIdea Group Publishing _c2000 |
||
| 300 |
_ai, 265p. _ccm. |
||
| 650 |
_aENGINEERING _92968 |
||
| 942 |
_hD65,8(B):71, P0 (SC) _cTEXL _2CC |
||
| 999 |
_c129194 _d129194 |
||